| 000 | 00886nam a2200241 i 4500 | ||
|---|---|---|---|
| 001 | 119537 | ||
| 003 | ES-MaACL | ||
| 005 | 20250519152252.0 | ||
| 007 | t| | ||
| 008 | 070214s1983 sp r ||||1| spa d | ||
| 100 | 1 |
_aPérez Maseda, Eduardo. _991012 |
|
| 245 | 1 | 3 |
_aEl Wagner de las ideologías _b: Nietzsche-Wagner / _cEduardo Pérez Maseda ; prólogo de Federico Sopeña. |
| 260 |
_aMadrid : _bDirección General de Música y Teatro, _c1983. |
||
| 300 |
_a376 p. : _bil ; _c22 cm. |
||
| 490 | 1 |
_aMusicalia ; _v2 |
|
| 600 | 1 | 4 |
_aWagner, Richard, _d1813-1883 _9240522 |
| 600 | 1 | 4 |
_aNietzsche, Friedrich, _d1844-1900 _985718 |
| 700 | 1 |
_aSopeña Ibáñez, Federico, _d1917-1991 _9107321 |
|
| 710 | 1 |
_aEspaña. _bDirección General de Música y Teatro. _93760 |
|
| 830 | 0 |
_aMusicalia ; _v2 _9226412 |
|
| 852 |
_aES-MaACL _jL-5491 _bR.106083 |
||
| 999 |
_c119537 _d119537 |
||